Epistola Avstriae Ad Carolum Imp. fictitia. Barptolomaeo arnense authore

Bibliographic Details
Main Author: Latomus, Bartholomaeus, 1485-1570 (Author, Dedicator)
Corporate Author: Knobloch, Johann starší (Štrasburg, Francúzsko) (Printer)
Other Authors: Knobloch, Johann, starší, zomrel 1528 (Printer)
Format: Book
Language:Latin
PhysicalDescription:11, [1] l. 8°
Published: Argentinae Apvd Ioannem Knoblochivm Mense Novembri. Anno, M.D.XXI. [=1521]
Subjects:

MARC

LEADER 00000nam a2200000 a 4500
001 vtls011705874
003 SK-MaSNL
005 20260301222604.0
008 251117t1521 fr f 000 0 lat
015 |a SNBHFA1521 
035 |a BD026653-1AEF-4091-B457-9C1A488F4C62 
035 |a urn:nbn:sk:snk-am3h4m0 
035 |a urn:nbn:sk:snk-am00cn8a 
040 |a SNKHF  |b slo  |c SNK  |e AACR2 
041 0 |a lat 
044 |a fr  |c FR 
100 1 |a Latomus, Bartholomaeus,  |d 1485-1570  |4 aut  |9 173013 
245 1 0 |a Epistola Avstriae Ad Carolum Imp. fictitia. Barptolomaeo arnense authore 
260 |a Argentinae  |b Apvd Ioannem Knoblochivm  |c Mense Novembri. Anno, M.D.XXI. [=1521] 
300 |a 11, [1] l.  |b 8° 
500 |a Omyly v stránkovaní: strany 9-12 pochádzajú z diela Leonarda Bruniho 
501 |a Príväzok 1. k: BRUNI, Leonardo. De bonis studijs Epistola mirè docta, tum studiosis omnibus eximiè commoda. (Argentinae : Apvd Ioannem Knoblochivm Mense Novembri. Anno. M.D.XXI, [=1521]), 8°.  |5 SNK ID 99821 
508 |a Ded.: Johannes Ludovicus de Hagen; Gotfridus de Eltz; Latomus, Bartholomaeus 
510 4 |a VD 16 L/623 
550 |a Impresorské údaje prevzaté z kolofónu 
600 0 0 |a Karol  |b V.,  |c cisár Svätej ríše rímskej,  |d 1500-1558  |9 169191 
655 7 |a príležitostná poézia  |2 SNK  |9 86742 
700 1 |a Knobloch, Johann,  |c starší,  |d zomrel 1528  |4 prt  |9 128639 
700 1 |a Latomus, Bartholomaeus,  |d 1485-1570  |4 dto  |9 173013 
700 0 |a Johannes Ludovicus de Hagen  |4 hnr  |9 612409 
700 0 |a Gotfridus de Eltz  |4 hnr  |9 612410 
710 0 |a Knobloch, Johann starší (Štrasburg, Francúzsko),  |d 1501-1528  |4 prt  |9 181810 
752 |a Strasbourg  |d Francúzsko 
852 |a SNK  |b Zaiova knižnica: Zay M 15421, prív. 1.  |p ID 99821/prív.1 
958 |a ONDV 
999 |c 940392  |d 942322 
952 |t Zay M 15421  |a SNK  |b SNK  |c SNK_HF  |y PREZ  |7 0  |p 17A1130145  |o snkID 99821/prív.1  |i snk2017/17955  |8 5  |0 0  |1 0  |4 0  |d 2017-08-07  |f 1  |l 0  |r 2026-02-24 09:16:37  |w 2026-02-24